|
|
|
|
| LEADER |
01264nam a2200337 a 4500 |
| 001 |
38633 |
| 003 |
BD-DhAAL |
| 005 |
20220523104634.0 |
| 008 |
220523t20131983enk b 001 0 eng d |
| 999 |
|
|
|c 44068
|d 44068
|
| 010 |
|
|
|a 82014701
|
| 020 |
|
|
|a 9780521294140
|
| 020 |
|
|
|a 9780521222358
|
| 020 |
|
|
|a 0521222354
|
| 020 |
|
|
|a 0521294142 (pbk.)
|
| 040 |
|
|
|a DLC
|c DLC
|d DLC
|d BD-DhAAL
|
| 050 |
0 |
0 |
|a P99.4.P72
|b L48 1983
|
| 082 |
0 |
0 |
|a 401.41
|2 19
|
| 100 |
1 |
|
|a Levinson, Stephen C.
|9 48604
|
| 245 |
1 |
0 |
|a Pragmatics /
|c Stephen C. Levinson.
|
| 260 |
|
|
|a Cambridge [Cambridgeshire] ;
|a New York :
|b Cambridge University Press,
|c 1983 [twentieth third printing 2013].
|
| 300 |
|
|
|a xvi, 420 pages ;
|c 24 cm.
|
| 440 |
|
0 |
|a Cambridge textbooks in linguistics
|9 48605
|
| 504 |
|
|
|a Includes bibliographical references (pages 379-396) and index.
|
| 526 |
|
|
|a ENH
|
| 541 |
|
|
|a Book Finder International
|e 38633
|
| 650 |
|
0 |
|a Pragmatics.
|9 48606
|
| 650 |
|
0 |
|a English language.
|9 48607
|
| 852 |
|
|
|a Ayesha Abed Library
|c General Stacks
|
| 942 |
|
|
|2 ddc
|c BK
|
| 952 |
|
|
|0 0
|1 0
|2 ddc
|4 0
|6 401_410000000000000_LEV
|7 0
|9 70643
|a BRACUL
|b BRACUL
|c GEN
|d 2022-05-18
|e Book Finder International
|g 4181.22
|l 2
|m 15
|o 401.41 LEV
|p 3010038633
|r 2026-02-01
|s 2025-11-11
|t 1
|v 4181.22
|w 2022-05-18
|y BK
|